La verdad sobre el espanto: el Perú en los tiempos del terror (Registro nro. 265)

Detalles MARC
000 -Cabecera
Campo de control interno 00613nam a2200217Ia 4500
005 - Fecha y hora del registro
control field 20251203123022.0
008 - Elementos de Longitud Fija
fixed length control field 251203t2003||||xx |||||||||||||| ||spa||
041 ## - Idioma
Codigo Idioma ESP
082 ## - DEWEY y NOTACIÓN INTERNA
Dewey 303.6250985
Notación Interna E79
100 ## - AUTOR
Autor denominación Escudero, Ana Lucía,
Títulos y otras palabras asociadas con el nombre investigador
245 #0 - TÍTULO DE MATERIAL BIBLIOGRÁFICO
Título La verdad sobre el espanto: el Perú en los tiempos del terror
Título paralelo
250 ## - EDICIÓN
Edición Primera edición
260 ## - CIUDAD, EDITORIAL, AÑO
Ciudad Lima :
Nombre de la Editorial Caretas
Año 2003
300 ## - DESCRIPCIÓN
N° Páginas 231 páginas :
Otros detalles ilustraciones, retratos ;
Dimensiones 30 cm.
Material Adicional
440 ## - MENCIÓN DE SERIE
Título de la Serie
Número de Serie
Volumen de Serie
650 ## - TEMAS
Temas Ciencias Sociales
653 ## - DESCRIPTORES
Lenguajes no controlado Terrorismo en el Perú
654 ## - PROGRAMAS
Programa Todos los programas
942 ## - ELEMENTOS DE KOHA
Tipo de documento Libro
Nombre del creador Justo Noguera
Código de catalogador Mirtha Ponce
Esquema de clasificación Dewey Decimal Classification
Suppress in OPAC
Existencias
Codigo completo Registro Colección Copia número Disponibilidad Tipo de préstamo Biblioteca Actual Procedencia (Biblioteca) Ubicacón Fecha Ingreso Tipo de Adquisición Date last seen Total checkouts Price effective from Tipo de Item Estado del Material Fuente de Clasificación Damaged status Withdrawn status
303.6250985 E79 1085144 Colección Vera Bejar 1   Restringido Víctor Andrés Belaunde Víctor Andrés Belaunde Planta baja cerrada 03/12/2025 Donación 03/12/2025   03/12/2025 Libro Bueno Dewey Decimal Classification   Withdrawn